000 00480nam a2200181Ia 4500
005 20250326125709.0
008 250326s9999 xx 000 0 und d
037 _aTextbook
040 _aFMSL
_beng
_cFMSL
041 _aeng
_2eng
084 _a89MY7 J6
_qFMSL
100 _aBPC
_9739219
245 0 _aBPC case studies
_cBPC
260 _aNew Delhi
_bNew Delhi, Productivity Council
_c1956
300 _a62p
942 _cTB
_h89MY7 J6
999 _c1279163
_d1279163